Is it reasonable to appeal? (Record no. 72386)
[ view plain ]
| 000 -LEADER | |
|---|---|
| fixed length control field | 01393cam a2200241 4500 |
| 001 - CONTROL NUMBER | |
| control field | ABS66548 |
| 008 - FIXED-LENGTH DATA ELEMENTS--GENERAL INFORMATION | |
| fixed length control field | 030331n2003 000 0 eng u |
| 035 ## - SYSTEM CONTROL NUMBER | |
| System control number | (Sirsi) u121801 |
| 100 ## - MAIN ENTRY--PERSONAL NAME | |
| Personal name | O'Dell, S. |
| 245 ## - TITLE STATEMENT | |
| Title | Is it reasonable to appeal? |
| 260 ## - PUBLICATION, DISTRIBUTION, ETC. | |
| Date of publication, distribution, etc. | 2003 |
| 490 ## - SERIES STATEMENT | |
| Series statement | Access by Design |
| Volume/sequential designation | (94) Spring 2003, 21-22(2) |
| 520 ## - SUMMARY, ETC. | |
| Summary, etc. | Reports on a recent Planning Inspectorate decision which overturned a Milton Keynes BC decision to refuse planning permission for a Lloyds TSB bank to carry out works to improve access for disabled people. The work was to be carried out on a historic Grade II listed building and involved the construction of a ramp. MKBC refused planning permission on the grounds that it would fail to preserve the nature of the building and diminish pavement width. Planning Inspectorate agreed with the bank that an alternative suggestion of a ramp in a side alley would be too gloomy and cramped. The bank has now sought permission to construct the approved ramp on the footway, but MKBC has indicated it will oppose the application. |
| 590 ## - LOCAL NOTE (RLIN) | |
| Local note | ABS |
| 650 ## - SUBJECT ADDED ENTRY--TOPICAL TERM | |
| Topical term or geographic name entry element | MANAGEMENT-BUSINESS MANAGEMENT-DISCRIMINATION-DISABILITY DISCRIMINATION-ACCESSIBILITY |
| 650 ## - SUBJECT ADDED ENTRY--TOPICAL TERM | |
| Topical term or geographic name entry element | HISTORIC BUILDINGS |
| 650 ## - SUBJECT ADDED ENTRY--TOPICAL TERM | |
| Topical term or geographic name entry element | PLANNING INSPECTORATE |
| 650 ## - SUBJECT ADDED ENTRY--TOPICAL TERM | |
| Topical term or geographic name entry element | RAMPS |
| 650 ## - SUBJECT ADDED ENTRY--TOPICAL TERM | |
| Topical term or geographic name entry element | PLANNING PERMISSION |
| 650 ## - SUBJECT ADDED ENTRY--TOPICAL TERM | |
| Topical term or geographic name entry element | BANKS |
| 690 ## - LOCAL SUBJECT ADDED ENTRY--TOPICAL TERM (OCLC, RLIN) | |
| Topical term or geographic name as entry element | Planning and development |
| 9 (RLIN) | 6259 |
| 942 ## - ADDED ENTRY ELEMENTS (KOHA) | |
| Suppress in OPAC | 0 |
| Withdrawn status | Lost status | Source of classification or shelving scheme | Damaged status | Not for loan | Home library | Current library | Shelving location | Date acquired | Total Checkouts | Full call number | Barcode | Date last seen | Copy number | Price effective from | Koha item type |
|---|---|---|---|---|---|---|---|---|---|---|---|---|---|---|---|
| Dewey Decimal Classification | London | London | Journal article | 31/03/2003 | ABS66548 | 121801-1001 | 06/08/2019 | 1 | 06/08/2019 | Journal article |